000 01070cam a2200313 a 4500
001 14949813
005 20180306063312.0
008 070801s2008 caua bf 001 0 eng
010 _a 2007031738
015 _aGBA788683
_2bnb
016 7 _a014235705
_2Uk
020 _a9781412949682 (alk. paper)
020 _a1412949688 (alk. paper)
035 _a(OCoLC)ocn163614067
035 _a(OCoLC)163614067
_z(OCoLC)145554795
040 _aDLC
_cDLC
_dYDX
_dBAKER
_dYDXCP
_dBTCTA
_dEZU
_dNLGGC
_dBWX
_dUKM
_dMUQ
_dDLC
041 _aeng
080 _a150 jam
082 0 0 _a150 jam
_222
084 _a77.00
_2bcl
100 _a50
101 _apsi
245 0 0 _a century psychology :
_cedited by Stephen F. Davis, William Buskist.
246 3 _aTwenty first century psychology
504 _aIncludes bibliographical references and index.
906 _a7
_bcbc
_corignew
_d1
_eecip
_f20
_gy-gencatlg
942 _2ddc
_cBK
999 _c44162
_d44162